Govt. of
Madhya Pradesh

चाणक्‍यमेंट आचार्य चाणक्‍य से सीखें मैनेजमेंट के गुण (Record no. 68854)

MARC details
000 -LEADER
fixed length control field 00453nam a22001097a 4500
082 ## - DEWEY DECIMAL CLASSIFICATION NUMBER
Classification number 658
100 ## - MAIN ENTRY--AUTHOR NAME
Personal name चंद्रेश मकवाणा
245 ## - TITLE STATEMENT
Title चाणक्‍यमेंट आचार्य चाणक्‍य से सीखें मैनेजमेंट के गुण
260 ## - PUBLICATION, DISTRIBUTION, ETC. (IMPRINT)
Place of publication नई दिल्‍ली
Name of publisher नमस्‍कार बुक्‍स
Year of publication 2024
650 ## - SUBJECT ADDED ENTRY--TOPICAL TERM
Topical Term प्रबंधन
942 ## - ADDED ENTRY ELEMENTS (KOHA)
Koha item type Hindi Books
Holdings
Withdrawn status Lost status Damaged status Not for loan Home library Current library Date acquired Cost, normal purchase price Full call number Accession Number Price effective from Koha item type
        MACL MACL 25/03/2026 400.00 658 CRH039000 25/03/2026 Hindi Books